| 000 | 00665nam a2200265Ia 4500 | ||
|---|---|---|---|
| 008 | 181129s9999 xx 000 0 und d | ||
| 020 | _a9780516246284 | ||
| 050 | _bC554 2003 | ||
| 100 | _aChristensen, Nancy | ||
| 245 | 0 | _aGood night, little kitten / | |
| 245 | 0 | _cby Nancy Christensen ; illustrated by Dennis Hockerman. | |
| 260 | _aNew York, NY : | ||
| 260 | _bScholastic, | ||
| 260 | _c2003 | ||
| 300 | _a29 pages ; | ||
| 300 | _bcolor illustrations ; | ||
| 300 | _c20cm. | ||
| 500 | _a190L | ||
| 650 | _aBedtime. | ||
| 650 | _aCats. | ||
| 650 | _aChildren sleep. | ||
| 650 | _aNight. | ||
| 700 | _aHockerman, Dennis. | ||
| 700 | _aTitle. | ||
| 999 |
_c359918 _d359918 |
||